| 000 | 00600nam a2200181 a 4500 | ||
|---|---|---|---|
| 005 | 20140412111349.0 | ||
| 008 | 050421s19uu xx 00 eng d | ||
| 020 | _a0-395-74322-2 | ||
| 050 |
_aER _bTh32 |
||
| 100 | _aBradman, Tony | ||
| 245 |
_aThere's nobody quite like me! / _cby Tony Bradman ; illustrated by Bettina Guthridge. |
||
| 260 |
_aBoston : _bHoughton Mifflin Company, _c[n.d.] |
||
| 300 | _a14 p. ; ill. | ||
| 440 | _aEarly Success | ||
| 520 | _aI am exactly the same height as Charlotte and I like exactly the same books as Lisa. | ||
| 650 | _aChildren stories | ||
| 999 |
_c105289 _d105289 |
||